Statistics for Muse Songs and Albums

Click here to take the quiz!

General Stats

  • This quiz has been taken 477 times
  • The average score is 14 of 15

Answer Stats

HintAnswer% Correct
Apocalipse PleaseAbsolution
96%
Time Is Running OutAbsolution
96%
Stockholm SyndromeAbsolution
96%
Map Of The ProblematiqueBlack Holes And Revelations
95%
StarlightBlack Holes And Revelations
95%
Plug In BabyOrigin Of Symmetry
93%
SunburnShowbiz
93%
UnintendedShowbiz
93%
SoberShowbiz
93%
Follow MeThe 2nd law
93%
SupremacyThe 2nd Law
93%
MadnessThe 2nd Law
93%
Liquid StateThe 2nd Law
93%
Undisclosed DesiresThe Resistance
93%
UprisingThe Resistance
93%

Score Distribution

Percentile by Number Answered

Percent of People with Each Score

Your Score History

You have not taken this quiz